00526nam a2200133Ia 4500008004100000100002300041245007500064245010400139260005300243260000900296300001100305650001500316856006100331170221s9999 xx 000 0 und d aAleksey I. Pykhtin aFeatures of the Purposes Formation of the Education Management System  cAleksey I. Pykhtin, Olga V. Ignatyeva, Arkadiy N. Silenko, Marina V. Melnichuk, Anatoly I. Chernykh bInternational Review of Management and Marketing c2016 a15 : 8 xMarketing. uhttp://www.econjournals.com/index.php/irmm/issue/view/86